Perspektivy kvality odborný čtvrtletník pro získávání poznatků a šiření znalostí o managementu

Gespeichert in:
Bibliographische Detailangaben
Format: Schriftenreihe
Sprache:Tschechisch
Slowakisch
Veröffentlicht: Praha 1 Česká společnost pro jakost
Tags: Tag hinzufügen
Keine Tags, Fügen Sie das erste Tag hinzu!

MARC

LEADER 00000nas1a2200000 4500
001 0224398
005 20190111111923.7
022 |a 1805-6857 
022 |a 1805-496X 
041 0 |a cze 
041 0 |a slo 
044 |a CZ 
245 1 0 |a Perspektivy kvality  |b odborný čtvrtletník pro získávání poznatků a šiření znalostí o managementu 
264 1 |a Praha 1  |b Česká společnost pro jakost